| 000 | 01220nam a2200313 a 4500 | ||
|---|---|---|---|
| 999 |
_c529534 _d529534 |
||
| 001 | 1510793 | ||
| 003 | NUST | ||
| 005 | 20190927145357.0 | ||
| 008 | 890829s1989 dcua b f000 0 eng | ||
| 010 | _a 89051544 | ||
| 020 |
_a0309049016 : _c$8.00 |
||
| 038 | _aMSOHAIL | ||
| 040 |
_aDLC _cDLC _dDLC |
||
| 050 | 0 | 0 |
_aTE278 _b.Y75 1989 |
| 082 | 0 | 0 |
_a625.84 _220 |
| 100 | 1 |
_aYrjanson, W. A. _q(William A.) _921773 |
|
| 245 | 1 | 0 |
_aRecycling of Portland cement concrete pavements / _cWilliam A. Yrjanson. |
| 260 |
_aWashington, D.C. : _bTransportation Research Board, National Research Council, _c[1989] |
||
| 300 |
_a46 p. : _bill. ; _c28 cm. |
||
| 440 | 0 |
_aSynthesis of highway practice, _x0547-5570 ; _v154 _921774 |
|
| 500 | _a"Research sponsored by the American Association of State Highway and Transportation officials in cooperation with the Federal Highway Administration." | ||
| 500 | _a"December 1989." | ||
| 504 | _aIncludes bibliographical references (p. 37). | ||
| 650 | 0 |
_aPavements, Concrete _xRecycling. _921775 |
|
| 650 | 0 |
_aPortland cement. _9812 |
|
| 906 |
_a7 _bcbc _corignew _d2 _eocip _f19 _gy-gencatlg |
||
| 942 |
_2ddc _cBK |
||